00740 2200253 4500001002100000005001700021008004100038020002200079035002400101041000800125043001300133082001000146090002100156100001900177245012000196250001100316260002900327300002900356504001500385650002000400700003200420850001200452999002200464YOGYA-0711000000096620110720074502.0 ind  a978-979-698-286-8 0010-071100000000966 aInd aYOPD DIY a361.1 aDEP 361.1bHar M aHARDIATI, Enni aMenguah tabir permasalahan sosial keluarga tenaga kerja wanitacEnni Hardiati ; editor, C. Elly Kumari Tjahya Putri aCet. 1 aYogyakartabB2P3KSc2010 aXII, 96 hlmbilusc21 cm ahlm. 76-79 aSosial, masalah aPutri, C. Elly Kumari Cahya aYOPDYOG aCB-D.11-2010-1845